A Magyar Fejlesztési Bank kombinált hiteltermékei, a Budapest Bank, mint MFB pont

Bibliográfiai részletek
Szerző: Konecsni Boglárka
További közreműködők: Kruppa Éva
Dokumentumtípus: Záródolgozat
Kulcsszavak:Banki szolgáltatás
Bankhitel
MFB
MFB Pont
Kombinált hitel
Online Access:http://dolgozattar.uni-bge.hu/15443

MARC

LEADER 00000nta a2200000 i 4500
001 dolg15443
005 20200417102142.0
008 180504suuuu hu o 000 hun d
040 |a BGE Dolgozattár Repozitórium  |b hun 
041 |a hu 
100 1 |a Konecsni Boglárka 
245 1 2 |a A Magyar Fejlesztési Bank kombinált hiteltermékei, a Budapest Bank, mint MFB pont  |c Konecsni Boglárka  |h [elektronikus dokumentum] 
516 |a Final_paper 
695 |a Banki szolgáltatás 
695 |a Bankhitel 
695 |a MFB 
695 |a MFB Pont 
695 |a Kombinált hitel 
700 1 |a Kruppa Éva  |e ths 
856 4 0 |u http://dolgozattar.uni-bge.hu/15443/1/Z%C3%A1r%C3%B3dolgozat%20.pdf  |z Dokumentum-elérés